000 00670nam a2200193Ia 4500
008 090124s9999 xx 000 0 und d
082 _b24449
_a2534
100 _aगावसकर सुनील
245 _a आयडॉल्स् (व्यक्तीचित्रे)
250 _a1
260 _c1984
300 _a308
600 _aगावसकर सुनील
630 _a आयडॉल्स् (व्यक्तीचित्रे)
700 _aगावसकर सुनील
700 _aपंडित बाळ ज.
730 _a आयडॉल्स् (व्यक्तीचित्रे)
942 _cBOOK
999 _c138010
_d138010